| 000 | 01273nam0a22003131 4500 | ||
|---|---|---|---|
| 001 | rc\3662992 | ||
| 005 | 20130115150633.9 | ||
| 021 |
_aRU _b[74-79905] |
||
| 035 | _a(NLR Aleph) 007838484 | ||
| 090 |
_a9788025 _c9788025 |
||
| 100 | _a20130115d1974 |||y0rusy50 ca | ||
| 101 | 0 | _arus | |
| 102 | _aRU | ||
| 105 | _aa z ||||| | ||
| 200 | 1 |
_aКуйцук и великан _e[Кабард. нар. сказка _eДля детей _fЗапись и обраб. К.Ш. Балкарова и В.Г. Кузьмина _gВ пересказе В. Кузьмина _gИл.: С. и Я. Аккизовы |
|
| 210 |
_aНальчик _cЭльбрус _d1974] |
||
| 215 |
_a23 с. _cил. _d15 |
||
| 309 | _aВложена с 7-ю другими книгами в футляр с загл.: Горские сказки. [7] | ||
| 517 | 0 | _aГорские сказки | |
| 608 |
_aСказки кабардинские (д. л.) _2psbo |
||
| 702 | 1 |
_aКузьмин _bВ. Г. _gВалентин Григорьевич _4570 |
|
| 702 | 1 |
_aАккизов _bС. _4440 |
|
| 702 | 1 |
_aАккизов _bЯ. _4440 |
|
| 702 | 1 |
_aБалкаров _bК. Ш. _gКлишби Ш. _4570 |
|
| 801 | 0 |
_aRU _bNLR _gpsbo |
|
| 801 | 1 |
_aRU _bELAR _2rusmarc |
|
| 852 |
_aNLR _j74-1/253-7 |
||
| 942 | _cBOOK | ||
| 980 | _aNB | ||